000 00411nab a2200145Ia 4500
003 ES-SlBCS
005 20210601131733.0
008 140529s1952 xxu||||| |||| 00| 0 fre d
041 _afre
100 1 _aDubarle, Dominique
_92697
245 0 0 _aDe la matière inerte à la vie
_c Dominique Dubarle
650 0 4 _aVida
_914762
773 0 _tVie Intelectuelle (La)
_gnº. 5, 1952, págs. 44-68
_wRev907
942 _cAR
999 _c567914
_d567914